000 005060000a22001930004500
001 002157
003 MACL
005 20150731125517.0
008 150731b xxu||||| |||| 00| 0 eng d
040 _aMACL
_cMACL
041 _aEnglish
082 _a361.3/GAN
100 _aGangrade,
_93725
245 _aGandhian Approach to Development & Social work
_cGangrade
260 _aNew Delhi
_c2005
_bGandhi Smriti & Darshan samiti,
350 _a450
650 _aSocial Science
_93726
942 _k361
_cBK
_2ddc
999 _c14072
_d14072